000 01706nam a2200301 a 4500
001 000000820
005 20240502132913.0
008 090522s2004 dr a r 001 0 spa d
020 _a9993461911
020 _a9789993461913
040 _aDO-SdBNP
_bspa
_cBNPHU
082 _a230
_bG934d,2004
100 1 _aGuerrero Ramírez, Rafael,
_d1962-
_92867
245 1 0 _aDespués de Cristo y antes de Lutero /
_cRafael Guerrero Ramírez ; prólogo Guillermo Crandall.
260 _aSanto Domingo :
_bBúho,
_c2004.
300 _a89 p. :
_bil. ;
_c21 cm.
500 _aIncluye citas bíblicas en ambas solapas.
500 _aIncluye datos biográficos del autor en la contracubierta.
504 _aBibliografía : p. 79-80.
505 0 _gPrólogo --
_tIntroducción --
_tPrefacio --
_tEl judaísmo: génesis del cristianismo --
_tJesucristo: el único fundamento --
_tLos apóstoles de Jesucristo: peritos arquitectos --
_tEl Imperio Romano: plataforma del catolicismo --
_tEl catolicismo: una secta del cristianismo --
_tEl descubrimiento de América: base para la catolización --
_tLa reforma protestante: regreso a la forma original --
_tLas noventa y cinco tesis: una argumentación irresistible --
_tLos Estados Unidos de América: un instrumento de Dios para la difusión de la fe evangélica --
_tLa iglesia evangélica en la República Dominicana: parte del cuerpo de Cristo --
_gConclusión --
_gBibliografía --
_gApéndices.
590 _aInventariado, 2018/BT
650 0 _aCristianismo
_9885
650 4 _aJesucristo
_91304
650 4 _aJudaísmo (teología cristiana)
_92868
650 4 _aEvangelicalismo
_9475
700 1 _aCrandall, Guillermo,
_epról.
_92869
910 _aValidado. Control de calidad EMS
999 _c816
_d816